000 01005cab a2200301 4500
001 ABS53055
008 090401t1995 xxu||||| |||| 00| 0 eng d
035 _a(Sirsi) u1621
041 _aeng
100 _aWhitmore, J.
245 _aIn search of liquidity
260 _c1995
350 _a0
490 _aProperty Week
_v51(10) 8 June 1995, 32-36(5)
520 _aInvestigates the decrease in investment in UK property by pension funds and insurance companies, despite a possible upturn in the market being predicted over the next 5-10 years. Pinpoints the trend towards equities and gilts as the main cause.
650 _aPROPERTY-COMMERCIAL PROPERTY
650 _aINSTITUTIONAL INVESTMENT
650 _aINSURANCE COMPANIES
650 _aINVESTMENT PROPERTY
650 _aLIQUIDITY
650 _aPENSION FUNDS
650 _aPERFORMANCE
650 _aPROPERTY INVESTMENT
650 _aREITS
690 _aPROPERTY-PROPERTY FINANCE AND INVESTMENT
942 _n0
948 _c04/03/1997
999 _c921
_d921